ბათუმის შოთა რუსთაველის სახელმწიფო უნივერსიტეტის ბიბლიოთეკა

Ubungsgrammatik fUr fortgeschrittene (ბიბ.ჩანაწერი № 50399)

000 -LEADER
fixed length control field 00546nam a2200229Ia 4500
001 - CONTROL NUMBER
control field 17343
003 - CONTROL NUMBER IDENTIFIER
control field GE_BSU
008 - FIXED-LENGTH DATA ELEMENTS--GENERAL INFORMATION
fixed length control field 181216s||||||||xx |||||||||||||| ||und||
020 ## - INTERNATIONAL STANDARD BOOK NUMBER
International Standard Book Number 9783190074488
040 ## - CATALOGING SOURCE
Transcribing agency GE_BSU
080 ## - UNIVERSAL DECIMAL CLASSIFICATION NUMBER
Universal Decimal Classification number 811.112
100 ## - MAIN ENTRY--PERSONAL NAME
Personal name Hall,Karin
245 ## - TITLE STATEMENT
Title Ubungsgrammatik fUr fortgeschrittene
245 ## - TITLE STATEMENT
Remainder of title Deutsch als fremdsprache
260 ## - PUBLICATION, DISTRIBUTION, ETC.
Place of publication, distribution, etc. Munchen
260 ## - PUBLICATION, DISTRIBUTION, ETC.
Date of publication, distribution, etc. 2001
300 ## - PHYSICAL DESCRIPTION
Extent 430p.
653 ## - INDEX TERM--UNCONTROLLED
Uncontrolled term Deutsch als fremdsprache
653 ## - INDEX TERM--UNCONTROLLED
Uncontrolled term Ubungsgrammatik fUr fortgeschrittene
942 ## - ADDED ENTRY ELEMENTS (KOHA)
Koha item type წიგნი
ეგზემპლარები
Withdrawn status Lost status Damaged status Not for loan Date acquired Barcode Date last seen Price effective from Koha item type
        2018-12-17 1479 2018-12-17 2018-12-17 წიგნი